[Event "Superettan(Schack 08-Orgryte)"]
[Site "?"]
[Date "2025.03.07"]
[Round "7"]
[White "Ask, Josef"]
[Black "Eksmyr, Johan"]
[Result "1-0"]
[WhiteElo "2084"]
[BlackElo "2097"]
[PlyCount "53"]
[SourceVersionDate "2025.03.30"]

1. b3 e5 2. Bb2 Nc6 3. e3 Nf6 4. Bb5 e4 5. Ne2 a6 6. Bxc6 dxc6 7. Nf4 Bf5 8. h3 h5 9. Nc3 Be7 10. Nce2 h4 11. O-O g5 12. Nd4 Bd7 13. Nfe2 c5 14. f3 cxd4 15. fxe4 Nxe4 16. Nxd4 Rh7 17. Qf3 Nd6 18. e4 f6 19. Rae1 Nf7 20. Nf5 Ne5 21. Bxe5 Bc5+ 22. Bd4 Bxd4+ 23. Nxd4 Bxh3 24. c3 Bd7 25. e5 g4 26. Qd5 Re7 27. Qg8# 1-0

[Event "Superettan(Lulea-Kristineberg)"]
[Site "?"]
[Date "2025.03.07"]
[Round "7"]
[White "Gorton, Olof"]
[Black "Marklund, Niklas"]
[Result "1/2-1/2"]
[WhiteElo "1881"]
[BlackElo "2137"]
[PlyCount "79"]
[SourceVersionDate "2025.03.30"]

1. c4 e5 2. Nc3 Nf6 3. e4 Bb4 4. Nf3 O-O 5. d3 Re8 6. Be2 c6 7. O-O h6 8. Qb3 Na6 9. h3 Bxc3 10. bxc3 d5 11. cxd5 cxd5 12. exd5 Nc5 13. Qa3 Qxd5 14. Be3 Ne6 15. c4 Qd8 16. Nxe5 Nd4 17. Bxd4 Qxd4 18. Nf3 Qf4 19. Rfe1 b5 20. cxb5 Bb7 21. Qc5 Bd5 22. Qd4 Qc7 23. a4 Qa5 24. Bf1 Bxf3 25. Rxe8+ Rxe8 26. gxf3 Rd8 27. Qc4 Nd5 28. f4 Qd2 29. Qc1 Qb4 30. Qc4 Qd6 31. f5 Qe5 32. Ra3 Qxf5 33. Qg4 Qf6 34. a5 Qb2 35. Ra4 Rd6 36. Qc8+ Kh7 37. Qf5+ Kg8 38. Qc8+ Kh7 39. Qf5+ Kg8 40. Qc8+ 1/2-1/2

[Event "Superettan(Lulea-Kristineberg)"]
[Site "?"]
[Date "2025.03.07"]
[Round "7"]
[White "Marcussen, Arno"]
[Black "Rorlien, Marcus"]
[Result "1-0"]
[WhiteElo "2149"]
[BlackElo "1837"]
[PlyCount "87"]
[SourceVersionDate "2025.03.30"]

1. e4 d5 2. exd5 Qxd5 3. Nc3 Qd8 4. Bc4 Nf6 5. Nf3 e6 6. d4 a6 7. O-O b5 8. Bb3 c5 9. dxc5 Qxd1 10. Rxd1 Bxc5 11. Ne5 h6 12. Rd8+ Kxd8 13. Nxf7+ Ke8 14. Nxh8 b4 15. Nd1 a5 16. Ng6 a4 17. Bc4 Nd5 18. Ne5 Ba6 19. c3 Nd7 20. Bxa6 Rxa6 21. Nd3 bxc3 22. Nxc3 Nxc3 23. bxc3 Rd6 24. Ne1 Rd1 25. Kf1 Ba3 26. Bb2 Rxa1 27. Bxa1 Nc5 28. Ke2 Bc1 29. Nd3 Nxd3 30. Kxd3 Kd7 31. c4 g6 32. Bd4 Ba3 33. g4 Kc6 34. f3 Bd6 35. h3 Ba3 36. Ke4 Kd6 37. Bg7 Bc1 38. Bf8+ Kd7 39. Bc5 Kc6 40. Be3 Bxe3 41. Kxe3 e5 42. Ke4 Kc5 43. Kxe5 Kxc4 44. f4 1-0

[Event "Superettan(Schack 08-Orgryte)"]
[Site "?"]
[Date "2025.03.07"]
[Round "7"]
[White "Lofgren, Vide"]
[Black "Kleimark, Anders"]
[Result "0-1"]
[WhiteElo "1928"]
[BlackElo "1961"]
[PlyCount "84"]
[SourceVersionDate "2025.03.30"]

1. d4 d5 2. Bg5 h6 3. Bh4 c6 4. Qd2 Qb6 5. c4 dxc4 6. e4 g5 7. Bg3 Bg7 8. e5 e6 9. Na3 Bf8 10. Nxc4 Bb4 11. Nxb6 Bxd2+ 12. Kxd2 axb6 13. h4 Ra4 14. hxg5 Rxd4+ 15. Kc3 Ra4 16. Nf3 h5 17. Nd2 b5 18. Bd3 Ne7 19. Ne4 Nd5+ 20. Kd2 Rd4 21. Ke2 Na6 22. a3 Bd7 23. Nd6+ Kf8 24. Raf1 Kg7 25. Ne4 h4 26. Bh2 c5 27. g4 c4 28. Bb1 Rc8 29. Rd1 Rxd1 30. Rxd1 b4 31. Nf6 Ba4 32. Rc1 c3 33. Nxd5 exd5 34. axb4 c2 35. Bxc2 Rxc2+ 36. Rxc2 Bxc2 37. b5 Nc5 38. Kd2 Be4 39. Kc3 Ne6 40. f4 Bf3 41. g6 Bxg4 42. gxf7 Kxf7 0-1

[Event "Superettan(Skara-Vasteras)"]
[Site "?"]
[Date "2025.03.07"]
[Round "7"]
[White "Akesson, Ralf"]
[Black "Ronneland, Daniel"]
[Result "1-0"]
[WhiteElo "2336"]
[BlackElo "2220"]
[PlyCount "81"]
[SourceVersionDate "2025.03.30"]

1. Nf3 d5 2. d4 Nf6 3. c4 e6 4. g3 Be7 5. Bg2 O-O 6. O-O dxc4 7. Qc2 a6 8. a4 Bd7 9. Qxc4 Bc6 10. Bg5 h6 11. Bxf6 Bxf6 12. Rd1 Qd7 13. Qc2 Bxf3 14. Bxf3 Nc6 15. e3 a5 16. Qb3 Rab8 17. Qb5 Rfd8 18. Nd2 e5 19. d5 Ne7 20. Qxa5 b6 21. Qa6 Nxd5 22. Ne4 Qe6 23. Qc4 Be7 24. Rac1 Kh8 25. Ng5 Bxg5 26. Bxd5 Qe7 27. h4 Bf6 28. Qxc7 Qb4 29. b3 Qg4 30. Qxf7 Bxh4 31. Bf3 Qg5 32. Rxd8+ Rxd8 33. Rc4 Qe7 34. Qxe7 Bxe7 35. b4 Kg8 36. a5 bxa5 37. bxa5 Rd6 38. Ra4 Ra6 39. Bb7 Ra7 40. a6 Kf7 41. Kg2 1-0

[Event "Superettan(Rockaden, Stockholm II-Wasa)"]
[Site "?"]
[Date "2025.03.07"]
[Round "7"]
[White "Mustaps, Matiss"]
[Black "Bator, Robert"]
[Result "1-0"]
[WhiteElo "2360"]
[BlackElo "2338"]
[PlyCount "143"]
[SourceVersionDate "2025.03.30"]

1. e4 e5 2. Nf3 Nf6 3. Nxe5 d6 4. Nf3 Nxe4 5. Nc3 Nxc3 6. dxc3 Be7 7. Bf4 Nc6 8. Qd2 Be6 9. O-O-O Qd7 10. Kb1 a6 11. Be2 h6 12. h4 Bf6 13. Nd4 Nxd4 14. cxd4 d5 15. f3 Be7 16. Qa5 Bd6 17. Bxd6 Qxd6 18. Bb5+ c6 19. Bd3 O-O 20. g4 Qf4 21. g5 h5 22. Qd2 Qxd2 23. Rxd2 g6 24. Re2 Kg7 25. a4 a5 26. Rhe1 Rfe8 27. Kc1 Bd7 28. Kd2 Rxe2+ 29. Rxe2 Re8 30. Rxe8 Bxe8 31. Ke3 f6 32. Kf4 Kf7 33. c3 Ke6 34. gxf6 Kxf6 35. b4 b6 36. Ba6 Bd7 37. Bb7 Ke6 38. Kg5 Be8 39. Ba6 Kf7 40. Bd3 Kg7 41. f4 Bf7 42. f5 gxf5 43. Bxf5 Be8 44. Be6 c5 45. dxc5 axb4 46. cxb4 bxc5 47. bxc5 Bxa4 48. Bxd5 Be8 49. Bf3 Bb5 50. Bxh5 Bc6 51. Bg6 Bd5 52. h5 Bc6 53. h6+ Kh8 54. Kf6 Kg8 55. Ke5 Kh8 56. Be4 Ba4 57. Kd6 Bb5 58. Kc7 Be8 59. Kb6 Bd7 60. Bc6 Bg4 61. Kc7 Bd1 62. Kb6 Kh7 63. Be4+ Kxh6 64. c6 Bg4 65. Kc7 Kg7 66. Kd6 Kf6 67. c7 Bc8 68. Bd5 Ba6 69. Kd7 Bb5+ 70. Kd6 Ba6 71. Be6 Bb7 72. Kc5 1-0

[Event "Superettan(Farsta-Helsingborg)"]
[Site "?"]
[Date "2025.03.07"]
[Round "7"]
[White "Semcesen, Daniel"]
[Black "Degerman, Lars"]
[Result "1/2-1/2"]
[WhiteElo "2432"]
[BlackElo "2425"]
[PlyCount "81"]
[SourceVersionDate "2025.03.30"]

1. d4 d5 2. c4 dxc4 3. Nf3 Nf6 4. e3 e6 5. Bxc4 c5 6. O-O a6 7. dxc5 Bxc5 8. Qxd8+ Kxd8 9. Rd1+ Ke7 10. Nbd2 Bd7 11. Ne5 Rc8 12. Nxd7 Nbxd7 13. Be2 Rc7 14. Nb3 Bd6 15. Bd2 Rac8 16. Rac1 Ne5 17. Rxc7+ Rxc7 18. Rc1 Rxc1+ 19. Bxc1 Nc6 20. h3 Kd7 21. Kf1 h6 22. a3 Ne4 23. Bd3 Nc5 24. Nxc5+ Bxc5 25. Ke1 Be7 26. Kd1 Bf6 27. Kc2 Kc7 28. Bd2 Kd6 29. Be4 Kc7 30. g4 Bh4 31. f4 Bf6 32. Be1 Be7 33. h4 f6 34. Bc3 Bd6 35. Kd3 Nd8 36. h5 e5 37. fxe5 Bxe5 38. Bxe5+ fxe5 39. Bd5 Kd6 40. Ba2 Ke7 41. Ke4 1/2-1/2

[Event "Superettan(Skara-Vasteras)"]
[Site "?"]
[Date "2025.03.07"]
[Round "7"]
[White "Jacobson, Erik"]
[Black "Carlsson, Ludvig"]
[Result "0-1"]
[WhiteElo "2129"]
[BlackElo "2352"]
[PlyCount "70"]
[SourceVersionDate "2025.03.30"]

1. e4 c5 2. Nf3 d6 3. d4 cxd4 4. Nxd4 Nf6 5. Nc3 a6 6. Be3 e5 7. Nb3 Be6 8. f3 Be7 9. Qd2 h5 10. O-O-O Nbd7 11. Nd5 Bxd5 12. exd5 Qc7 13. Kb1 Nb6 14. Bxb6 Qxb6 15. g3 h4 16. g4 O-O 17. Bh3 a5 18. Nc1 Nh7 19. Qd3 Ng5 20. Bf1 Bf6 21. c3 Rfc8 22. Ka1 Rc7 23. Rd2 Rac8 24. Ne2 Rc4 25. Qf5 Qf2 26. Rd1 R8c7 27. Ng1 Rf4 28. Qd3 a4 29. a3 Qc5 30. Qb5 Nxf3 31. Qe8+ Kh7 32. Nxf3 Rxf3 33. g5 Bxg5 34. Bd3+ g6 35. Rhf1 Qe3 0-1

[Event "Superettan(Rockaden, Stockholm II-Wasa)"]
[Site "?"]
[Date "2025.03.07"]
[Round "7"]
[White "Hedman, Erik"]
[Black "Karlsson, Mats"]
[Result "1/2-1/2"]
[WhiteElo "2267"]
[BlackElo "2287"]
[PlyCount "175"]
[SourceVersionDate "2025.03.30"]

1. e4 c6 2. Nf3 d5 3. Nc3 dxe4 4. Nxe4 Nf6 5. Qe2 Nxe4 6. Qxe4 Nd7 7. d4 Nf6 8. Qf4 e6 9. Bd3 Bd6 10. Qd2 O-O 11. O-O c5 12. dxc5 Bxc5 13. b3 b6 14. Bb2 Bb7 15. Qf4 Bd6 16. Qh4 Ne4 17. Qg4 Nf6 18. Qh3 h6 19. Rad1 Qe7 20. Rfe1 Rfd8 21. Ne5 Nd5 22. Qg4 Qg5 23. Qe4 f5 24. Qf3 Rab8 25. Qg3 Bb4 26. Rf1 Nc3 27. Ra1 Nd5 28. a3 Bc3 29. Bxc3 Nxc3 30. Rfe1 Qxg3 31. hxg3 Bd5 32. g4 fxg4 33. Re3 Rbc8 34. Nxg4 Rc7 35. Rae1 Rf8 36. Rg3 Kh8 37. Ne5 Rf6 38. Rge3 b5 39. f3 Kg8 40. Bc4 bxc4 41. Rxc3 Rf8 42. bxc4 Rfc8 43. Rb1 Bxc4 44. Rb4 Bd5 45. Rxc7 Rxc7 46. c4 Bb7 47. Kf2 Kf8 48. Ra4 Bc8 49. Ke3 Bd7 50. Ra6 Ke7 51. Kd4 Be8 52. c5 Bb5 53. Rd6 g5 54. Ng6+ Kf7 55. Ne5+ Ke7 56. f4 gxf4 57. Ng6+ Kf6 58. Nxf4 Rd7 59. Rxd7 Bxd7 60. Nd3 Kf5 61. Ne5 Bc8 62. Nf7 Kf4 63. g3+ Kxg3 64. Nxh6 Kf4 65. Nf7 Bb7 66. Ne5 Ba6 67. a4 Bb7 68. c6 Bc8 69. Nd7 Ba6 70. Nc5 Bc8 71. Nd7 Ba6 72. a5 Bc8 73. Nb6 e5+ 74. Kc5 Ba6 75. Kd6 e4 76. Nd5+ Kf3 77. c7 e3 78. Nxe3 Kxe3 79. Kd7 Kd4 80. c8=Q Bxc8+ 81. Kxc8 a6 82. Kb7 Kc5 83. Kxa6 Kc6 84. Ka7 Kc7 85. a6 Kc8 86. Kb6 Kb8 87. a7+ Ka8 88. Ka6 1/2-1/2

[Event "Superettan(Farsta-Helsingborg)"]
[Site "?"]
[Date "2025.03.07"]
[Round "7"]
[White "Livner, Anders"]
[Black "Sylvan, Jacob"]
[Result "1/2-1/2"]
[WhiteElo "2291"]
[BlackElo "2332"]
[PlyCount "46"]
[SourceVersionDate "2025.03.30"]

1. Nf3 Nf6 2. g3 d5 3. Bg2 c5 4. O-O Nc6 5. d4 e6 6. c4 dxc4 7. dxc5 Qxd1 8. Rxd1 Bxc5 9. Nbd2 c3 10. bxc3 O-O 11. Nb3 Be7 12. c4 Bd7 13. Bb2 Rfd8 14. Nfd4 Rac8 15. Nb5 b6 16. Nd6 Rc7 17. Ba3 Bf8 18. c5 Nd5 19. Rac1 bxc5 20. Bxc5 Ncb4 21. Bxb4 Rxc1 22. Nxc1 Nxb4 23. Nb7 Rc8 1/2-1/2

[Event "Superettan(Skara-Vasteras)"]
[Site "?"]
[Date "2025.03.07"]
[Round "7"]
[White "Hamark, Jesper"]
[Black "Eklund, Lars-Goran"]
[Result "1/2-1/2"]
[WhiteElo "2307"]
[BlackElo "2198"]
[PlyCount "40"]
[SourceVersionDate "2025.03.30"]

1. e4 Nc6 2. Nf3 d6 3. d4 Nf6 4. Nc3 Bg4 5. d5 Nb8 6. Be3 c6 7. Qd2 Qa5 8. Nd4 c5 9. Nb3 Qc7 10. e5 dxe5 11. Nb5 Qc8 12. d6 exd6 13. Nxd6+ Bxd6 14. Qxd6 Qe6 15. Qxc5 Nbd7 16. Bb5 a6 17. Bxd7+ Nxd7 18. Qb4 b6 19. O-O Rc8 20. c3 a5 1/2-1/2

[Event "Superettan(Rockaden, Stockholm II-Wasa)"]
[Site "?"]
[Date "2025.03.07"]
[Round "7"]
[White "Astrom, Goran"]
[Black "Zadruzny, Nicolaj"]
[Result "0-1"]
[WhiteElo "2216"]
[BlackElo "2231"]
[PlyCount "76"]
[SourceVersionDate "2025.03.30"]

1. e4 e5 2. Nf3 Nc6 3. Bb5 Nf6 4. O-O Nxe4 5. d4 Nd6 6. Bxc6 dxc6 7. dxe5 Nf5 8. Qxd8+ Kxd8 9. Nc3 Be7 10. h3 Nh4 11. Nxh4 Bxh4 12. Bf4 Bf5 13. Rad1+ Kc8 14. Rd2 Rd8 15. Rfd1 b6 16. g4 Be6 17. Kg2 Kb7 18. Bg3 Rxd2 19. Rxd2 Be7 20. a3 h5 21. f3 a5 22. Ne2 hxg4 23. hxg4 a4 24. Nf4 Bg5 25. Rd4 Ba2 26. Rd7 Rd8 27. Rxd8 Bxd8 28. Kf2 c5 29. Ke2 Bc4+ 30. Nd3 Kc6 31. Ke3 g6 32. Nf4 Kd7 33. Nd3 Be7 34. Bh2 c6 35. Bg3 Be6 36. Nf4 Bg5 37. Ke4 Ba2 38. Ne2 Bd5+ 0-1

[Event "Superettan(Farsta-Helsingborg)"]
[Site "?"]
[Date "2025.03.07"]
[Round "7"]
[White "Kristensen, Kare Hove"]
[Black "Lindeman, Sven"]
[Result "1/2-1/2"]
[WhiteElo "2266"]
[BlackElo "2172"]
[PlyCount "30"]
[SourceVersionDate "2025.03.30"]

1. Nf3 Nf6 2. c4 c5 3. e3 e6 4. d4 a6 5. Nc3 d5 6. a3 dxc4 7. Bxc4 b5 8. Bd3 Nbd7 9. O-O Bb7 10. dxc5 Nxc5 11. Bc2 Qc7 12. Qe2 Nce4 13. Bd2 Nxd2 14. Nxd2 Be7 15. Rac1 Rc8 1/2-1/2

[Event "Superettan(Skara-Vasteras)"]
[Site "?"]
[Date "2025.03.07"]
[Round "7"]
[White "Danielsson, Fredrik"]
[Black "Norberg, Johan"]
[Result "1/2-1/2"]
[WhiteElo "2103"]
[BlackElo "2294"]
[PlyCount "80"]
[SourceVersionDate "2025.03.30"]

1. e4 d6 2. d4 Nf6 3. Nc3 g6 4. Be3 c6 5. h3 Bg7 6. f4 O-O 7. Nf3 b5 8. Bd3 b4 9. Ne2 Bb7 10. Ng3 Nbd7 11. O-O Qc7 12. Qe2 c5 13. c3 bxc3 14. bxc3 e5 15. fxe5 dxe5 16. d5 Ne8 17. c4 Nd6 18. Rab1 a5 19. h4 Ba6 20. h5 Bc8 21. hxg6 hxg6 22. Ng5 Nf6 23. Qb2 Ng4 24. Bd2 Qe7 25. Nf3 f5 26. Bg5 Bf6 27. Bxf6 Qxf6 28. Qb6 f4 29. Ne2 Ba6 30. Qxc5 Rfc8 31. Qb6 Bxc4 32. Bxc4 Rxc4 33. Rfc1 Rac8 34. Qxa5 Rxc1+ 35. Rxc1 Rxc1+ 36. Nxc1 Nxe4 37. Nd3 Qd6 38. Qb4 Qxd5 39. Qb3 Qxb3 40. axb3 Kf7 1/2-1/2

[Event "Superettan(Rockaden, Stockholm II-Wasa)"]
[Site "?"]
[Date "2025.03.07"]
[Round "7"]
[White "Kenneskog, Theodor"]
[Black "Marchand, Eric"]
[Result "1-0"]
[WhiteElo "2266"]
[BlackElo "2136"]
[PlyCount "63"]
[SourceVersionDate "2025.03.30"]

1. e4 c5 2. Nf3 e6 3. d4 cxd4 4. Nxd4 Bc5 5. Be3 Qb6 6. Na3 d5 7. Bb5+ Nc6 8. exd5 exd5 9. O-O Nge7 10. b4 Bxd4 11. Bxd4 Qc7 12. Bxg7 Rg8 13. Qd4 Be6 14. Be5 Qd7 15. Qd2 a6 16. Bxc6 Qxc6 17. Rfe1 d4 18. Bg3 Nf5 19. Qd3 O-O-O 20. b5 axb5 21. Nxb5 Qc4 22. Re5 Nxg3 23. Qxc4+ Bxc4 24. Rc5+ Kb8 25. Rxc4 Nf5 26. Rd1 Rge8 27. g3 Re2 28. Rc5 d3 29. Rxf5 d2 30. Kf1 Rde8 31. Kg2 R8e7 32. Nd4 1-0

[Event "Superettan(Farsta-Helsingborg)"]
[Site "?"]
[Date "2025.03.07"]
[Round "7"]
[White "Wieweg, Johnny"]
[Black "Rosell, Tomas"]
[Result "1/2-1/2"]
[WhiteElo "2071"]
[BlackElo "2180"]
[PlyCount "81"]
[SourceVersionDate "2025.03.30"]

1. e4 c5 2. f4 d5 3. exd5 Nf6 4. Bb5+ Nbd7 5. c4 a6 6. Ba4 b5 7. cxb5 Nb6 8. bxa6+ Nxa4 9. Qxa4+ Nd7 10. Nc3 Bxa6 11. Qe4 Nb6 12. d4 Bb7 13. dxc5 Nxd5 14. Nxd5 Bxd5 15. Qe2 Qa5+ 16. Kf2 e6 17. Be3 Bxc5 18. Nf3 O-O 19. Rhc1 Bxe3+ 20. Qxe3 Qb4 21. Qd4 Ra4 22. Qxb4 Rxb4 23. Rc2 Rfb8 24. b3 Rxf4 25. Rac1 g5 26. Kg3 Rbb4 27. h3 h6 28. Re1 Kg7 29. Re3 Kf6 30. Rcc3 h5 31. a3 h4+ 32. Kh2 Rb8 33. Ne5 Kg7 34. Nd3 Rf1 35. b4 Rd1 36. Re2 Ra1 37. Nc5 Rb6 38. Rce3 Rb8 39. Re1 Ra2 40. R1e2 Ra1 41. Re1 1/2-1/2

[Event "Superettan(Skara-Vasteras)"]
[Site "?"]
[Date "2025.03.07"]
[Round "7"]
[White "Bjorkman, Filip"]
[Black "Olsson, Simon"]
[Result "1-0"]
[WhiteElo "2141"]
[BlackElo "2075"]
[PlyCount "103"]
[SourceVersionDate "2025.03.30"]

1. e4 c6 2. d4 d5 3. e5 Bf5 4. h4 h5 5. Bd3 Bxd3 6. Qxd3 Qa5+ 7. Bd2 Qa6 8. e6 Qxd3 9. exf7+ Kxf7 10. cxd3 Nd7 11. Nf3 e6 12. Ng5+ Kf6 13. Rh3 Nh6 14. Bc3 Nf5 15. Nd2 Nxh4 16. Nge4+ dxe4 17. Nxe4+ Kg6 18. Rxh4 Be7 19. Rh3 Nb6 20. Nc5 Nd5 21. Nxe6 Rae8 22. Kf1 b6 23. Rg3+ Kf6 24. Re1 Bd6 25. Rf3+ Kg6 26. g3 Re7 27. Nf4+ Bxf4 28. Rxe7 Nxe7 29. Rxf4 Nd5 30. Re4 Kf7 31. Bd2 Rd8 32. Bc3 Nf6 33. Re5 g6 34. a3 Rd7 35. Ke2 Ng4 36. Re4 Nf6 37. Re3 Nd5 38. Re5 Ne7 39. Kf3 Nf5 40. Ke4 Rd8 41. d5 cxd5+ 42. Rxd5 Re8+ 43. Kf4 a5 44. Rd7+ Ne7 45. Be5 Ke6 46. Rd6+ Kf7 47. Rf6+ Kg8 48. Kg5 Rd8 49. d4 b5 50. Rb6 Rf8 51. f4 Rf5+ 52. Kh4 1-0

[Event "Superettan(Rockaden, Stockholm II-Wasa)"]
[Site "?"]
[Date "2025.03.07"]
[Round "7"]
[White "Lilliehook, Victor"]
[Black "Bryntze, Stefan"]
[Result "1/2-1/2"]
[WhiteElo "1944"]
[BlackElo "2229"]
[PlyCount "101"]
[SourceVersionDate "2025.03.30"]

1. e4 c6 2. d4 d5 3. f3 dxe4 4. fxe4 e5 5. Nf3 exd4 6. Bc4 Nf6 7. O-O Bc5 8. Ng5 d3+ 9. Kh1 Bg4 10. Qxd3 Qxd3 11. cxd3 Bh5 12. e5 Ng4 13. Ne4 Bd4 14. Bxf7+ Bxf7 15. Nd6+ Kd7 16. Nxf7 Re8 17. h3 Nxe5 18. Nxe5+ Rxe5 19. Nc3 Na6 20. Bf4 Re6 21. Ne4 h6 22. Rac1 b5 23. a4 bxa4 24. Rc4 c5 25. Rxa4 Rf8 26. Rfa1 Rxf4 27. Rxa6 Rxa6 28. Rxa6 Rf1+ 29. Kh2 Rd1 30. Rxa7+ Kc6 31. Ra3 Bxb2 32. Rb3 Be5+ 33. g3 Kd5 34. Kg2 Rxd3 35. Rxd3+ Kxe4 36. Rd1 c4 37. Kf2 c3 38. Ke2 Bxg3 39. Rg1 Be5 40. Rg4+ Kf5 41. Rc4 g5 42. Kf3 h5 43. Ra4 Bf4 44. Rc4 Bd2 45. Rc5+ Ke6 46. Ke4 Kd6 47. Rc8 g4 48. hxg4 hxg4 49. Rxc3 Bxc3 50. Kf4 Ke6 51. Kxg4 1/2-1/2

[Event "Superettan(Farsta-Helsingborg)"]
[Site "?"]
[Date "2025.03.07"]
[Round "7"]
[White "Johansson, Thomas"]
[Black "Ong, Kezli"]
[Result "0-1"]
[WhiteElo "2177"]
[BlackElo "2261"]
[PlyCount "70"]
[SourceVersionDate "2025.03.30"]

1. e4 e5 2. Nf3 Nc6 3. Bc4 Nf6 4. Ng5 d5 5. exd5 Na5 6. Bb5+ c6 7. dxc6 bxc6 8. Bd3 Nd5 9. Nf3 Bd6 10. O-O O-O 11. Re1 Re8 12. c4 Nf4 13. Qc2 Nxd3 14. Qxd3 Ba6 15. Qf5 Bxc4 16. d3 g6 17. Qh3 Be6 18. Qh6 f6 19. Nc3 Bb4 20. Qh4 Rb8 21. Bd2 Be7 22. Ne4 Rf8 23. Rad1 Rxb2 24. Bc3 Rxa2 25. d4 Bb3 26. Ra1 exd4 27. Bxd4 Rxa1 28. Bxa1 Bd5 29. Rd1 Nb3 30. Bc3 Nc5 31. Neg5 fxg5 32. Qh6 Bf6 33. Nxg5 Qe7 34. Bxf6 Rxf6 35. Rb1 Rf8 0-1

[Event "Superettan(Skara-Vasteras)"]
[Site "?"]
[Date "2025.03.07"]
[Round "7"]
[White "Cederqvist, Niclas"]
[Black "Janse, Love"]
[Result "1-0"]
[WhiteElo "1961"]
[BlackElo "2187"]
[PlyCount "55"]
[SourceVersionDate "2025.03.30"]

1. d4 f5 2. e4 fxe4 3. Nc3 Nf6 4. Bg5 Nc6 5. d5 Ne5 6. Qd4 Nf7 7. h4 c6 8. O-O-O Qb6 9. Bxf6 gxf6 10. Nxe4 Qxd4 11. Rxd4 cxd5 12. Rxd5 b6 13. f3 Bb7 14. Rd1 Rg8 15. g4 Bxe4 16. fxe4 Nd6 17. g5 fxg5 18. e5 Nf5 19. Bb5 O-O-O 20. hxg5 h6 21. Rh3 d6 22. Bc4 Rxg5 23. Be6+ Kc7 24. Nf3 Ng3 25. Nxg5 Ne2+ 26. Kd2 Nf4 27. Rc3+ Kb8 28. Nf7 1-0

[Event "Superettan(Rockaden, Stockholm II-Wasa)"]
[Site "?"]
[Date "2025.03.07"]
[Round "7"]
[White "Karde, Douglas"]
[Black "Wenzel, Birger"]
[Result "1-0"]
[WhiteElo "2057"]
[BlackElo "2001"]
[PlyCount "75"]
[SourceVersionDate "2025.03.30"]

1. e4 c6 2. Nc3 d5 3. Nf3 dxe4 4. Nxe4 Nf6 5. Qe2 Nxe4 6. Qxe4 Be6 7. b3 Nd7 8. Bb2 Nf6 9. Qe2 Nd5 10. g3 Bg4 11. Bg2 e6 12. O-O Nf6 13. d4 Qa5 14. h3 Bxf3 15. Bxf3 Ba3 16. Bxa3 Qxa3 17. d5 Nxd5 18. Bxd5 cxd5 19. Qb5+ Ke7 20. Qxb7+ Kf6 21. Qc7 Rac8 22. Qf4+ Ke7 23. c4 Rhd8 24. Qh4+ Kf8 25. cxd5 Rxd5 26. Qxh7 Rc3 27. Qh8+ Ke7 28. Qxg7 Qc5 29. b4 Qc4 30. Rad1 Rc2 31. Rxd5 Qxd5 32. a4 Rc4 33. Qb2 Qe4 34. Rd1 Rc2 35. Qh8 f6 36. Qg7+ Ke8 37. Qxf6 Re2 38. Rd8# 1-0

[Event "Superettan(Farsta-Helsingborg)"]
[Site "?"]
[Date "2025.03.07"]
[Round "7"]
[White "Nilsson, Anders"]
[Black "Lagerborg, Krister"]
[Result "1-0"]
[WhiteElo "2167"]
[BlackElo "2031"]
[PlyCount "93"]
[SourceVersionDate "2025.03.30"]

1. d4 Nf6 2. c4 g6 3. Nc3 Bg7 4. e4 d6 5. Nf3 O-O 6. Be2 e5 7. dxe5 dxe5 8. Qxd8 Rxd8 9. Nd5 Nxd5 10. cxd5 c6 11. Bc4 cxd5 12. Bxd5 Na6 13. Bg5 Re8 14. Ke2 Nc7 15. Bb3 Be6 16. Rhc1 Rac8 17. Nd2 Bxb3 18. Nxb3 b6 19. Be3 Ne6 20. Rxc8 Rxc8 21. Rc1 Rxc1 22. Nxc1 Bf8 23. Nb3 f6 24. Kd3 Kf7 25. Kc4 Nc7 26. a4 Ke6 27. Nc1 Kd6 28. b4 Be7 29. Ne2 Kc6 30. Nc3 Bd8 31. b5+ Kd7 32. a5 Na8 33. Nd5 f5 34. f3 Kd6 35. a6 f4 36. Bf2 Nc7 37. Nb4 Bf6 38. Nc6 Nxa6 39. Nxa7 Nc5 40. Bxc5+ bxc5 41. Nc6 g5 42. Na5 h5 43. Nb7+ Kc7 44. Nxc5 g4 45. b6+ Kc6 46. b7 Kc7 47. b8=Q+ 1-0

[Event "Superettan(Skara-Vasteras)"]
[Site "?"]
[Date "2025.03.07"]
[Round "7"]
[White "Kretz, Johan"]
[Black "Thorn, Joachim"]
[Result "0-1"]
[WhiteElo "2146"]
[BlackElo "1957"]
[PlyCount "116"]
[SourceVersionDate "2025.03.30"]

1. d4 Nf6 2. Nf3 g6 3. c4 Bg7 4. Nc3 d5 5. cxd5 Nxd5 6. e4 Nxc3 7. bxc3 O-O 8. Rb1 c5 9. Be2 Nc6 10. d5 Bxc3+ 11. Bd2 Bxd2+ 12. Qxd2 Nd4 13. Nxd4 cxd4 14. Qxd4 Qa5+ 15. Qd2 Qxd2+ 16. Kxd2 Rd8 17. Ke3 e6 18. Bc4 exd5 19. Bxd5 Rb8 20. Rhc1 Rd7 21. Rb2 b6 22. Rbc2 Ba6 23. Rc7 Rbd8 24. Kd4 Kf8 25. g4 f6 26. R1c6 Kg7 27. h4 h6 28. g5 hxg5 29. hxg5 fxg5 30. Ke5 Bb5 31. Rxd7+ Rxd7 32. Rc8 Re7+ 33. Kd6 Rd7+ 34. Ke6 Rf7 35. Rc2 Bd3 36. Rd2 Bb5 37. e5 g4 38. Rb2 Bd3 39. Kd6 Rf8 40. e6 Rd8+ 41. Ke5 Kf8 42. Rd2 Bc4 43. Rd4 Rxd5+ 44. Rxd5 Bxd5 45. Kxd5 Ke7 46. a3 b5 47. Ke5 a5 48. Kd5 b4 49. axb4 axb4 50. Kc4 Kxe6 51. Kxb4 Ke5 52. Kc3 Ke4 53. Kd2 Kf3 54. Ke1 Kg2 55. Ke2 g5 56. Ke1 g3 57. fxg3 Kxg3 58. Kf1 Kh2 0-1

[Event "Superettan(Rockaden, Stockholm II-Wasa)"]
[Site "?"]
[Date "2025.03.07"]
[Round "7"]
[White "Eriksson, Lennarth"]
[Black "Eriksson, Dan"]
[Result "1-0"]
[WhiteElo "1951"]
[BlackElo "2202"]
[PlyCount "99"]
[SourceVersionDate "2025.03.30"]

1. d4 d5 2. Nc3 Nf6 3. Bf4 a6 4. e3 Bf5 5. Nf3 h6 6. Ne5 g5 7. Bg3 h5 8. h4 g4 9. Bd3 Ne4 10. Bxe4 Bxe4 11. Nxe4 dxe4 12. a4 e6 13. c3 Bd6 14. Qb3 Ra7 15. Rd1 Qf6 16. O-O Qf5 17. Nc4 Bxg3 18. fxg3 Qd5 19. Nd2 Qxb3 20. Nxb3 Nd7 21. d5 Rh6 22. dxe6 fxe6 23. Rf4 a5 24. Rxe4 e5 25. Nd4 Rf6 26. Nb5 Raa6 27. Nxc7+ Ke7 28. Nxa6 Rxa6 29. Rxd7+ Kxd7 30. Rxe5 Rd6 31. Rxa5 Rd1+ 32. Kf2 Rd2+ 33. Kf1 Rxb2 34. Rb5 Ra2 35. Rxb7+ Ke6 36. Rb5 Rxa4 37. Rxh5 Ra1+ 38. Kf2 Ra2+ 39. Kg1 Ra1+ 40. Kh2 Ra4 41. Rg5 Kf6 42. Kg1 Rc4 43. Kf2 Rxc3 44. Rxg4 Kf5 45. Rf4+ Kg6 46. Kf3 Ra3 47. g4 Rb3 48. Rd4 Ra3 49. Rd6+ Kg7 50. Kf4 1-0

[Event "Superettan(Farsta-Helsingborg)"]
[Site "?"]
[Date "2025.03.07"]
[Round "7"]
[White "Karlberg, Daniel"]
[Black "Olsson Klevtorp, Fredric"]
[Result "0-1"]
[WhiteElo "1725"]
[BlackElo "1981"]
[PlyCount "78"]
[EventDate "2025.??.??"]
[SourceVersionDate "2025.03.30"]

1. e4 d5 2. exd5 Nf6 3. d4 Nxd5 4. c4 Nb6 5. Nc3 g6 6. Be3 Bg7 7. Qd2 O-O 8. Nf3 Nc6 9. Be2 Bg4 10. O-O-O Bxf3 11. gxf3 e5 12. d5 Nd4 13. Bxd4 exd4 14. Ne4 Qh4 15. Kb1 Rfe8 16. b3 Rxe4 17. fxe4 d3 18. Qxd3 Qf6 19. Qd4 Qxd4 20. Rxd4 Bxd4 21. f3 Nd7 22. Rd1 Be5 23. h3 a5 24. Rf1 Bf4 25. Kc2 Kf8 26. Rg1 h5 27. Rd1 Ke7 28. Kc3 b6 29. Kd4 h4 30. Rg1 Bd6 31. Rg4 Bc5+ 32. Kc3 Nf6 33. Rg2 Nh5 34. Bf1 Kf6 35. e5+ Kxe5 36. Rg5+ Kf6 37. Rg4 Re8 38. Bd3 Re3 39. Rxh4 Rxf3 0-1

[Event "Superettan(Skara-Vasteras)"]
[Site "?"]
[Date "2025.03.07"]
[Round "7"]
[White "Dahlstrom, Rickard"]
[Black "Adahl, Mattias"]
[Result "1-0"]
[WhiteElo "1957"]
[BlackElo "2065"]
[PlyCount "79"]
[SourceVersionDate "2025.03.30"]

1. c4 e5 2. Nc3 Nc6 3. Nf3 g6 4. d4 exd4 5. Nxd4 Bg7 6. Nc2 Bxc3+ 7. bxc3 Nf6 8. Bg5 h6 9. Bh4 g5 10. Bg3 Ne4 11. Qd3 Nxg3 12. hxg3 d6 13. Rb1 Be6 14. Nd4 Ne5 15. Qe4 Qf6 16. e3 Nd7 17. Rxb7 Nc5 18. Qc6+ Bd7 19. Qxc7 Rc8 20. Rb8 O-O 21. Rxc8 Rxc8 22. Qxa7 Bg4 23. Nb5 Ne4 24. f3 Bxf3 25. Qd4 Qg6 26. gxf3 Nxg3 27. Bd3 Qe6 28. Rg1 Nh5 29. Qe4 Qf6 30. Qf5 Qxf5 31. Bxf5 Rxc4 32. f4 Rc5 33. Bd3 f6 34. c4 Kf8 35. fxg5 hxg5 36. Nxd6 Ra5 37. Rg2 Ra3 38. Rd2 Ng7 39. Nb5 Ra4 40. Rc2 1-0